[Event "CRO-ch U15 Girls"]
[Site "Trogir"]
[Date "2023.06.21"]
[Round "1"]
[White "Fiolic, Lucija"]
[Black "Dundovic, Mia1111"]
[Result "0-1"]
[WhiteElo "1169"]
[BlackElo "1314"]
[PlyCount "84"]
[EventDate "2023.06.21"]
[EventType "swiss"]
[EventRounds "9"]
[EventCountry "CRO"]
[SourceTitle "EXT 2024"]
[Source "ChessBase"]
[SourceDate "2023.10.10"]
[SourceVersion "1"]
[SourceVersionDate "2023.10.10"]
[SourceQuality "1"]

1. e4 e5 2. Nf3 Nc6 3. Bc4 Bc5 4. Nc3 Nf6 5. 0-0 0-0 6. d3 h6 7. h3 d6 8. Re1 Ne7 9. Be3 Bb6 10. Bxb6 axb6 11. Nd5 Nexd5 12. exd5 c6 13. dxc6 bxc6 14. Nd2 Ra7 15. Qf3 c5 16. Re2 Re7 17. Bb3 Bb7 18. Ne4 Nd5 19. Bxd5 Bxd5 20. Nf6+ gxf6 21. Qxd5 Re6 22. Re3 f5 23. Rg3+ Kh7 24. Re1 Rg8 25. Rxg8 Qxg8 26. Qf3 f4 27. Qe4+ Kh8 28. f3 Qg3 29. Re2 Rg6 30. Qf5 Kg7 31. Qe4 Rg5 32. Qb7 Qxh3 33. Rf2 Qg3 34. Kf1 Rh5 35. Qxb6 Rh1+ 36. Ke2 Rc1 37. Qb3 Rg1 38. Qd5 Rxg2 39. Rxg2 Qxg2+ 40. Kd1 Qg1+ 41. Kd2 Qe3+ 42. Kc3 Qe1+ 0-1

[Event "CRO-ch U11 Girls"]
[Site "Trogir"]
[Date "2020.08.28"]
[Round "8"]
[White "Fiolic, Lucija"]
[Black "Zagorac, Lara"]
[Result "0-1"]
[WhiteElo "1600"]
[BlackElo "1285"]
[PlyCount "84"]
[EventDate "2020.08.24"]
[EventType "swiss"]
[EventRounds "9"]
[EventCountry "CRO"]
[SourceTitle "CBM 198 Extra"]
[Source "ChessBase"]
[SourceDate "2020.11.30"]
[SourceVersion "1"]
[SourceVersionDate "2020.11.30"]
[SourceQuality "1"]

1. e4 e5 2. Nf3 Nc6 3. Bc4 Bc5 4. Nc3 Nf6 5. 0-0 0-0 6. d3 h6 7. h3 d6 8. a3 Be6 9. Bb5 Qd7 10. b4 Bd4 11. Nxd4 exd4 12. Ne2 a6 13. Bxc6 Qxc6 14. Nxd4 Qd7 15. Bb2 a5 16. Bc3 axb4 17. Bxb4 c5 18. Nxe6 fxe6 19. Bc3 d5 20. exd5 exd5 21. Qf3 Ne4 22. Qg4 Qxg4 23. hxg4 Nxc3 24. Rfe1 Rfe8 25. Rxe8+ Rxe8 26. a4 Ra8 27. Re1 Kf7 28. Re5 Rxa4 29. Rf5+ Ke8 30. Kh2 Rxg4 31. Kh3 Rg5 32. Rxg5 hxg5 33. Kg4 Na2 34. Kxg5 Nb4 35. Kf5 Nxc2 36. Ke5 Nb4 37. f4 Nxd3+ 38. Kxd5 b6 39. Kc6 Nxf4 40. g3 c4 41. gxf4 c3 42. Kxb6 c2 0-1

[Event "CRO-ch U11 Girls"]
[Site "Trogir"]
[Date "2020.08.25"]
[Round "3"]
[White "Fiolic, Lucija"]
[Black "Franc, Marta"]
[Result "0-1"]
[WhiteElo "1600"]
[BlackElo "1612"]
[PlyCount "60"]
[EventDate "2020.08.24"]
[EventType "swiss"]
[EventRounds "9"]
[EventCountry "CRO"]
[SourceTitle "CBM 198 Extra"]
[Source "ChessBase"]
[SourceDate "2020.11.30"]
[SourceVersion "1"]
[SourceVersionDate "2020.11.30"]
[SourceQuality "1"]

1. e4 e5 2. Nf3 Nc6 3. Nc3 Bc5 4. Bc4 Nf6 5. 0-0 0-0 6. d3 d6 7. Bg5 Bg4 8. Nd5 Nxd5 9. Bxd8 Raxd8 10. Bxd5 Nd4 11. Bxb7 Rfe8 12. c3 Nxf3+ 13. gxf3 Bh3 14. Re1 Re6 15. Kh1 Rg6 16. d4 Bg2+ 17. Kg1 Bxf3+ 18. Kf1 Bxd1 19. Rexd1 Bb6 20. dxe5 Rb8 21. Ba6 dxe5 22. Rd2 Rf6 23. Bb7 Be3 24. Re2 Rxb7 25. Rxe3 Rxb2 26. Rd1 Rfxf2+ 27. Ke1 h6 28. a4 Rxh2 29. Rf3 h5 30. Kf1 Rh1# 0-1